Biology : (Record no. 283340)
[ view plain ]
| 000 -LEADER | |
|---|---|
| fixed length control field | 00484nam a2200145Ia 4500 |
| 008 - FIXED-LENGTH DATA ELEMENTS--GENERAL INFORMATION | |
| fixed length control field | 150223s9999 xx 000 0 und d |
| 020 ## - INTERNATIONAL STANDARD BOOK NUMBER | |
| International Standard Book Number | 9710866117 |
| 050 ## - LIBRARY OF CONGRESS CALL NUMBER | |
| Classification number | QH 308.2 |
| Item number | .C357 2006 |
| 100 ## - MAIN ENTRY--PERSONAL NAME | |
| Personal name | Catchillar, Gerry C. |
| 245 ## - TITLE STATEMENT | |
| Title | Biology : |
| Remainder of title | A simplified approach / |
| Statement of responsibility, etc | Gerry C. Catchillar. |
| 260 ## - PUBLICATION, DISTRIBUTION, ETC. (IMPRINT) | |
| Place of publication, distribution, etc | Mandaluyong City : |
| Name of publisher, distributor, etc | National Book Store, |
| Date of publication, distribution, etc | 2006 |
| 300 ## - PHYSICAL DESCRIPTION | |
| Extent | 221 pages : |
| Other physical details | Illustration ; |
| Dimensions | 28 cm. |
| 504 ## - BIBLIOGRAPHY, ETC. NOTE | |
| Bibliography, etc | Includes glossary and bibliography. |
| 650 ## - SUBJECT ADDED ENTRY--TOPICAL TERM | |
| Topical term or geographic name as entry element | Science |
| General subdivision | Biology |
No items available.